|
|
|
|
| LEADER |
00000nam a2200000 i 4500 |
| 001 |
DIGDYK1578 |
| 003 |
NyNyDIG |
| 006 |
m o d |
| 008 |
200601s2019 sp ob 100 0 spa d |
| 007 |
cr ||||||||||| |
| 035 |
|
|
|a (OCoLC)1124352101
|
| 040 |
|
|
|a DGITA
|b eng
|e rda
|e pn
|c DGITA
|
| 020 |
|
|
|a 9788413243542
|q eBook
|
| 020 |
|
|
|a 8413243548
|q eBook
|
| 020 |
|
|
|z 9788413242927
|
| 020 |
|
|
|z 8413242924
|
| 050 |
1 |
4 |
|a PT2440.N72 ebook
|
| 082 |
0 |
4 |
|a 193
|
| 111 |
2 |
|
|a Jornadas Internacionales de Investigación "La Poesía y su Sombra. Consideraciones Artísticas y Literarias en la Obra de Friedrich Nietzsche"
|d (2018 :
|c Madrid, Spain),
|j author.
|
| 245 |
1 |
0 |
|a Nietzsche y su sombra :
|b consideraciones sobre lo poético y lo artístico /
|c Sergio Antoranz, Emma Piquero y Laura Rodríguez (eds.) ; Carlos M. Andrés [and 12 others].
|
| 264 |
|
1 |
|a Madrid :
|b Dykinson,
|c 2019.
|
| 300 |
|
|
|a 1 online resource.
|
| 336 |
|
|
|a text
|b txt
|2 rdacontent
|
| 337 |
|
|
|a computer
|b c
|2 rdamedia
|
| 338 |
|
|
|a online resource
|b cr
|2 rdacarrier
|
| 347 |
|
|
|a text file
|2 rdaft
|
| 347 |
|
|
|b PDF
|
| 490 |
1 |
|
|a Colección Clásicos Dykinson. Serie Monografías
|
| 504 |
|
|
|a Includes bibliographical references.
|
| 588 |
0 |
|
|a Online resource; title from PDF title page (Digitalia, viewed June 15, 2020)
|
| 600 |
1 |
0 |
|a Nietzsche, Friedrich Wilhelm,
|d 1844-1900
|x Knowledge
|x Literature
|v Congresses.
|
| 600 |
1 |
0 |
|a Nietzsche, Friedrich Wilhelm,
|d 1844-1900
|x Criticism and interpretation
|v Congresses.
|
| 655 |
|
7 |
|a Conference papers and proceedings.
|2 lcgft
|
| 655 |
|
0 |
|a Electronic books.
|
| 700 |
1 |
|
|a Antoranz, Sergio,
|e editor.
|
| 700 |
1 |
|
|a Piquero, Emma,
|e editor.
|
| 700 |
1 |
|
|a Rodríguez, Laura
|q (Rodríguez Frías),
|e editor.
|
| 700 |
1 |
|
|a Gil, Carlos M. Andrés,
|e author.
|
| 791 |
2 |
|
|a Digitalia (Firm),
|e distributor.
|
| 793 |
0 |
|
|g Digitalia eBook Collection:
|a Dykinson Editorial
|
| 776 |
0 |
8 |
|i Print version:
|a Jornadas Internacionales de Investigación "La Poesía y su Sombra. Consideraciones Artísticas y Literarias en la Obra de Friedrich Nietzsche" (2018 : Madrid, Spain).
|t Nietzsche y su sombra.
|d Madrid : Dykinson, 2019
|z 9788413242927
|w (DLC) 2019472518
|w (OCoLC)1123184997
|
| 830 |
|
0 |
|a Colección Clásicos Dykinson.
|p Serie Monografías.
|
| 856 |
4 |
0 |
|3 Digitalia Hispánica
|u https://www.digitaliapublishing.com/a/62336/
|
| 910 |
|
|
|a Premium Collection: 2020
|